Introduction to statistics : (Record no. 93006)

MARC details
000 -LEADER
fixed length control field 00664nam a22002057a 4500
005 - DATE AND TIME OF LATEST TRANSACTION
control field 20150511115948.0
010 ## - LCCN (DPL NO)
LC control number ENG-112825
020 ## - INTERNATIONAL STANDARD BOOK NUMBER
Terms of availability 250.00
International Standard Book Number 9789380599380
035 ## - SYSTEM CONTROL NUMBER
System control number EN-96357
037 ## - SOURCE OF ACQUISITION
Source of stock number/acquisition DBAD/PUB
082 ## - DEWEY DECIMAL CLASSIFICATION NUMBER
Classification number 519.5
100 ## - MAIN ENTRY--PERSONAL NAME
Personal name Giri, Prasanta Kumar
245 ## - TITLE STATEMENT
Title Introduction to statistics :
Statement of responsibility, etc by Prasanta Kumar Giri [and] Jiban Banerjee
Remainder of title for higher secondary students /
250 ## - EDITION STATEMENT
Edition statement 7th ed
260 ## - PUBLICATION, DISTRIBUTION, ETC. (IMPRINT)
Place of publication, distribution, etc Kolkata
Name of publisher, distributor, etc Academic Publishers
Date of publication, distribution, etc 2011
270 ## - ADDRESS
Address 5a bhawani dutta lane,
City Kolkata
Postal code 700073
Electronic mail address www.acabooks.net
300 ## - PHYSICAL DESCRIPTION
Extent vii,506p.:
Dimensions 24cm(pbk)
Other physical details ill.
700 ## - ADDED ENTRY--PERSONAL NAME
Personal name Banerjee, Jiban
942 ## - ADDED ENTRY ELEMENTS (KOHA)
Source of classification or shelving scheme Dewey Decimal Classification
Item type English Books
Call number suffix GIR
Classification part 519.5
Holdings
Withdrawn status Lost status Not for loan Collection code Home library Current library Date acquired Source of acquisition Cost, normal purchase price Full call number Barcode Copy number Cost, replacement price Koha item type
    Not For Loan Non-fiction D.B.Act.Division D.B.Act.Division 16/04/2015 DBAD/PUB 250.00 519.5 GIR EN-96357 1 250.00 English Books

© Delhi Public Library
Hit Counter
free hit counter